[Event "España ch-2015 sub-18"]
[Site "Salobrena ESP"]
[Date "2015.07.27"]
[Round "2.30"]
[White "Hidalgo Gracia, Andres"]
[Black "Mari Copa, Adria"]
[Result "0-1"]
[WhiteElo "1772"]
[BlackElo "2136"]
[PlyCount "68"]
[EventDate "2015.07.27"]
[EventType "swiss"]
[EventRounds "9"]
[EventCountry "ESP"]
[Source "lmi"]
[SourceDate "2015.07.27"]

1. c4 e5 2. Nc3 Nf6 3. g3 c6 4. Bg2 d5 5. cxd5 cxd5 6. d3 Nc6 7. Bg5 Bb4 8. a3
Bxc3+ 9. bxc3 Be6 10. Nf3 h6 11. Bd2 e4 12. Nd4 Nxd4 13. cxd4 exd3 14. Qb3 dxe2
15. Qxb7 O-O 16. Kxe2 Re8 17. Kf1 Bc8 18. Qc6 Rb8 19. Bf3 Bh3+ 20. Bg2 Bd7 21.
Qc3 Ne4 22. Bxe4 dxe4 23. Kg2 Bg4 24. Rhb1 Qd7 25. h4 Rbc8 26. Qe3 Rc6 27. Rc1
Rf6 28. Qc3 Bh3+ 29. Kg1 e3 30. Qc4 exd2 31. Rd1 Qf5 32. Kh2 Re1 33. Qc3 Qxf2+
34. Kxh3 Qf1+ 0-1

[Event "España ch-2015 sub-18"]
[Site "Salobrena ESP"]
[Date "2015.07.27"]
[Round "2.31"]
[White "Donadio Falcon, Pablo"]
[Black "Fernandez Alvarez, Luis"]
[Result "0-1"]
[WhiteElo "1737"]
[BlackElo "2059"]
[PlyCount "71"]
[EventDate "2015.07.27"]
[EventType "swiss"]
[EventRounds "9"]
[EventCountry "ESP"]
[Source "lmi"]
[SourceDate "2015.07.27"]

1. e4 e6 2. d3 d5 3. Nd2 c5 4. g3 Nc6 5. Bg2 g6 6. Ngf3 Bg7 7. O-O Nge7 8. c3
O-O 9. Qc2 d4 10. a3 b6 11. c4 e5 12. Rb1 a5 13. h4 h6 14. Kh2 Be6 15. Bh3 f5
16. Qd1 Qd7 17. Ng1 Rf7 18. Qe2 Raf8 19. f3 Kh7 20. Kg2 Nc8 21. b3 Nd6 22. Bb2
Bf6 23. Qe1 h5 24. f4 Bg7 25. Ndf3 Kg8 26. Ng5 Re7 27. Bc1 Nd8 28. exf5 Bxf5
29. Bxf5 Nxf5 30. Qf2 exf4 31. gxf4 Rfe8 32. Bd2 Qc6+ 33. Kh2 Ne6 34. N1f3 Nxg5
35. Ng1 Nf7 36. Bc1 0-1

[Event "España ch-2015 sub-18"]
[Site "Salobrena ESP"]
[Date "2015.07.27"]
[Round "2.32"]
[White "Perez Pacheco, Ricardo"]
[Black "Tabera Benitez, Sebastian"]
[Result "0-1"]
[WhiteElo "2033"]
[BlackElo "1758"]
[PlyCount "81"]
[EventDate "2015.07.27"]
[EventType "swiss"]
[EventRounds "9"]
[EventCountry "ESP"]
[Source "lmi"]
[SourceDate "2015.07.27"]

1. e4 c5 2. Nf3 d6 3. d4 cxd4 4. Nxd4 Nf6 5. Nc3 a6 6. Bg5 e6 7. f4 Be7 8. Qf3
h6 9. Bh4 Qc7 10. O-O-O Nbd7 11. Be2 b5 12. Bxf6 Nxf6 13. e5 Bb7 14. Qh3 dxe5
15. Nxe6 fxe6 16. Qxe6 e4 17. Bxb5+ axb5 18. Nxb5 Qxf4+ 19. Kb1 Ra6 20. Qc4 Rc6
21. Qb3 Rc5 22. Rhf1 Qe5 23. Nd4 Qd5 24. Qa4+ Bc6 25. Qa6 O-O 26. Nb3 Qe6 27.
Nxc5 Bxc5 28. Qa5 Be7 29. Qc3 Ra8 30. b3 Nd5 31. Qc4 e3 32. Rfe1 Bf6 33. Rd3
Qe5 34. c3 Qd6 35. Rexe3 Kh8 36. Re1 Bg5 37. b4 Rb8 38. a3 Bb5 39. Rxd5 Qg6+
40. Qe4 Qa6 41. Rh1 0-1

[Event "España ch-2015 sub-18"]
[Site "Salobrena ESP"]
[Date "2015.07.27"]
[Round "2.33"]
[White "Gonzalez Santamartina, Jorge"]
[Black "Garcia Martinez de la Hidalga, Alber"]
[Result "1-0"]
[WhiteElo "1991"]
[BlackElo "1732"]
[PlyCount "85"]
[EventDate "2015.07.27"]
[EventType "swiss"]
[EventRounds "9"]
[EventCountry "ESP"]
[Source "lmi"]
[SourceDate "2015.07.27"]

1. c4 e5 2. g3 d5 3. cxd5 Qxd5 4. Nf3 Nf6 5. Nc3 Qd6 6. Bg2 Nc6 7. O-O Be7 8.
d3 O-O 9. a3 Bf5 10. b4 a6 11. Bb2 Qd7 12. Re1 Rad8 13. Nd2 Be6 14. Rc1 Nd5 15.
Nce4 f5 16. Nc5 Bxc5 17. Rxc5 Nce7 18. Bxe5 Nc6 19. Bb2 b6 20. Rc1 f4 21. Nf3
fxg3 22. hxg3 Bh3 23. Bh1 Qd6 24. Qb3 Kh8 25. Ng5 Be6 26. Nxe6 Qxe6 27. Rf1
Nce7 28. e4 Nf4 29. Qxe6 Nxe6 30. Rfd1 c5 31. bxc5 bxc5 32. f4 Rb8 33. Be5 Rb3
34. f5 Nd8 35. Bd6 Rf7 36. Rxc5 Nec6 37. Bf4 Rxa3 38. Bg2 Rb3 39. e5 Rb6 40. e6
Re7 41. Bxc6 Nxc6 42. Rdc1 Nd8 43. Bc7 1-0

[Event "España ch-2015 sub-18"]
[Site "Salobrena ESP"]
[Date "2015.07.27"]
[Round "2.34"]
[White "Cruz Fernandez, Sergio"]
[Black "Olivares Romero, Sara"]
[Result "1-0"]
[WhiteElo "1732"]
[BlackElo "1954"]
[PlyCount "107"]
[EventDate "2015.07.27"]
[EventType "swiss"]
[EventRounds "9"]
[EventCountry "ESP"]
[Source "lmi"]
[SourceDate "2015.07.27"]

1. c4 e5 2. Nc3 Nc6 3. g3 f5 4. Bg2 Nf6 5. d3 Bb4 6. e3 Bxc3+ 7. bxc3 O-O 8.
Ne2 d6 9. Ba3 Qe8 10. d4 e4 11. Nf4 Na5 12. c5 Nc4 13. cxd6 Nxd6 14. h4 Qf7 15.
Qb3 Rd8 16. Bf1 Qxb3 17. axb3 Bd7 18. c4 Nf7 19. Be7 Ng4 20. Bxd8 Nxd8 21. Be2
Nf6 22. Kd2 a6 23. b4 Kf8 24. b5 a5 25. c5 Ke7 26. Ra3 Be8 27. Rha1 b6 28. Rc1
Kd7 29. f3 Ke7 30. g4 Rb8 31. cxb6 cxb6 32. g5 Nd7 33. fxe4 fxe4 34. Nd5+ Kd6
35. Nc7 Bf7 36. Bg4 Rb7 37. Na6 Bd5 38. Bxd7 Kxd7 39. Rac3 Ne6 40. Rc8 a4 41.
Rh8 a3 42. Ra1 a2 43. Nb4 Bc4 44. Rxh7 Kd6 45. Rh8 Nc7 46. Kc3 Be6 47. h5 Nxb5+
48. Kb2 Ra7 49. Nxa2 Ra3 50. d5 Bxd5 51. Rd8+ Ke6 52. Rxd5 Rxa2+ 53. Rxa2 Kxd5
54. h6 1-0

[Event "España ch-2015 sub-18"]
[Site "Salobrena ESP"]
[Date "2015.07.27"]
[Round "2.35"]
[White "Abalia Patino, Aritz"]
[Black "Gallego Sosa, Clara"]
[Result "1-0"]
[WhiteElo "1951"]
[BlackElo "1723"]
[PlyCount "109"]
[EventDate "2015.07.27"]
[EventType "swiss"]
[EventRounds "9"]
[EventCountry "ESP"]
[Source "lmi"]
[SourceDate "2015.07.27"]

1. e4 c5 2. Nf3 d6 3. d4 cxd4 4. Nxd4 Nf6 5. Nc3 g6 6. Bc4 Bg7 7. Bb3 Nc6 8.
O-O O-O 9. Bg5 Bd7 10. Re1 Rc8 11. Qd2 Qa5 12. Nxc6 Bxc6 13. Nd5 Qd8 14. Nxf6+
exf6 15. Bf4 Re8 16. f3 Bf8 17. Rad1 Qb6+ 18. Qe3 Qxe3+ 19. Bxe3 a5 20. c3 b5
21. Bf4 Red8 22. Rd2 a4 23. Bd5 Bd7 24. Red1 Rb8 25. a3 Rb6 26. Be3 Rbb8 27.
Ba7 Rbc8 28. Bb7 Rc4 29. Bd5 Rcc8 30. Bb6 Re8 31. Ba5 Be6 32. Bb4 h5 33. Bxe6
fxe6 34. Bxd6 Bh6 35. Rd3 Rc6 36. Bb4 Rcc8 37. Rd7 Rb8 38. Be7 Bg7 39. Ra7 Rb6
40. Rdd7 Bh8 41. Kf2 Rc8 42. Ke2 f5 43. Ke3 Be5 44. Bc5 Rbc6 45. Bd4 f4+ 46.
Kd3 Bxd4 47. Kxd4 Kf8 48. Rf7+ Kg8 49. Ke5 g5 50. Rg7+ Kh8 51. Rh7+ Kg8 52.
Rxh5 Rd8 53. Rxg5+ Kh8 54. Kxf4 Rcd6 55. Rxb5 1-0

[Event "España ch-2015 sub-18"]
[Site "Salobrena ESP"]
[Date "2015.07.27"]
[Round "2.36"]
[White "Alonso Vara, Laura"]
[Black "Santos Martinez, Guillermo"]
[Result "0-1"]
[WhiteElo "1655"]
[BlackElo "1940"]
[PlyCount "94"]
[EventDate "2015.07.27"]
[EventType "swiss"]
[EventRounds "9"]
[EventCountry "ESP"]
[Source "lmi"]
[SourceDate "2015.07.27"]

1. d4 Nf6 2. Nf3 g6 3. Nbd2 d5 4. e3 Bg7 5. Bd3 O-O 6. O-O c5 7. c3 cxd4 8.
exd4 Nc6 9. Ne5 Nxe5 10. dxe5 Ng4 11. Nf3 Nxe5 12. Nxe5 Bxe5 13. Re1 Bg7 14.
Bf4 b6 15. Qe2 Re8 16. Rad1 Bd7 17. Ba6 e5 18. Bg3 Bc6 19. Bb5 Qd6 20. Qd3 Rad8
21. Bxc6 Qxc6 22. Bh4 Bf6 23. Bxf6 Qxf6 24. Qb5 Qd6 25. Rd2 Qc5 26. Qb3 e4 27.
Rd4 b5 28. Qc2 f5 29. Qd2 Kg7 30. Rd1 Re5 31. Qf4 Rde8 32. Qe3 a5 33. a3 h6 34.
h4 Rd8 35. Qf4 Qe7 36. Re1 g5 37. hxg5 hxg5 38. Qd2 f4 39. Qe2 Qd7 40. Qd2 Qf5
41. Qe2 Rb8 42. a4 g4 43. axb5 f3 44. Qe3 Rh8 45. Rdd1 Qh5 46. Qa7+ Kf6 47.
Qb6+ Kf5 0-1

[Event "España ch-2015 sub-18"]
[Site "Salobrena ESP"]
[Date "2015.07.27"]
[Round "2.37"]
[White "Martin Iribar, Ander"]
[Black "De la Calle Fuentes, Sergio"]
[Result "1-0"]
[WhiteElo "1935"]
[BlackElo "1712"]
[PlyCount "39"]
[EventDate "2015.07.27"]
[EventType "swiss"]
[EventRounds "9"]
[EventCountry "ESP"]
[Source "lmi"]
[SourceDate "2015.07.27"]

1. d4 c5 2. d5 e5 3. Nc3 d6 4. e4 a6 5. a4 g6 6. Nf3 Bg7 7. Bc4 Ne7 8. O-O O-O
9. Re1 f5 10. Ng5 f4 11. Ra3 Rf6 12. Rb3 h6 13. Ne6 Bxe6 14. dxe6 Nbc6 15. Rxb7
Na5 16. Rd7 Qe8 17. Nd5 Nxd5 18. Bxd5 Rd8 19. Rxd8 Qxd8 20. e7+ 1-0

[Event "España ch-2015 sub-18"]
[Site "Salobrena ESP"]
[Date "2015.07.27"]
[Round "2.38"]
[White "Barranco Mananet, Fernando"]
[Black "Sanchez Ruesga, Carlos"]
[Result "1/2-1/2"]
[WhiteElo "1598"]
[BlackElo "1933"]
[PlyCount "82"]
[EventDate "2015.07.27"]
[EventType "swiss"]
[EventRounds "9"]
[EventCountry "ESP"]
[Source "lmi"]
[SourceDate "2015.07.27"]

1. c4 f5 2. Nf3 Nf6 3. Nc3 g6 4. g3 Bg7 5. Bg2 O-O 6. O-O d6 7. d4 Qe8 8. Nb5
Na6 9. Bf4 c6 10. Nc3 Nc7 11. Qc1 Bd7 12. Bh6 Rb8 13. Bxg7 Kxg7 14. b4 Qf7 15.
Nd2 Be6 16. c5 Ncd5 17. Nxd5 Bxd5 18. Bxd5 Qxd5 19. Qc4 Rfd8 20. e3 b6 21. cxd6
Qxd6 22. Nf3 Qd5 23. Qxd5 cxd5 24. Rac1 Rbc8 25. Ne5 Ng4 26. Nc6 Rd7 27. b5
Rdc7 28. Rc2 a6 29. a4 Nf6 30. Rfc1 axb5 31. axb5 Ne8 32. Nb4 Rxc2 33. Rxc2
Rxc2 34. Nxc2 Nd6 35. Na3 Kf6 36. Kf1 h5 37. Ke2 g5 38. h3 h4 39. gxh4 gxh4 40.
f4 Ke6 41. Kf3 Kf6 1/2-1/2

[Event "España ch-2015 sub-18"]
[Site "Salobrena ESP"]
[Date "2015.07.27"]
[Round "2.39"]
[White "Redondo Benavente, Ana"]
[Black "Arrese-Igor Royuela, Alex"]
[Result "1-0"]
[WhiteElo "1920"]
[BlackElo "1693"]
[PlyCount "65"]
[EventDate "2015.07.27"]
[EventType "swiss"]
[EventRounds "9"]
[EventCountry "ESP"]
[Source "lmi"]
[SourceDate "2015.07.27"]

1. e4 e5 2. Nf3 Nc6 3. Nc3 Nf6 4. d4 Bb4 5. d5 Nb8 6. Bd3 d6 7. O-O h6 8. h3
O-O 9. a3 Bxc3 10. bxc3 Nbd7 11. Ne1 Nc5 12. Qe2 c6 13. c4 cxd5 14. cxd5 Nh7
15. f4 f5 16. exf5 e4 17. Bc4 Bxf5 18. Be3 b6 19. g4 Bc8 20. Bxc5 bxc5 21. Qxe4
Re8 22. Qf3 Qf6 23. c3 Bb7 24. Ng2 Re7 25. h4 Rf8 26. Qd3 Ref7 27. g5 hxg5 28.
hxg5 Nxg5 29. fxg5 Qxg5 30. Rxf7 Rxf7 31. Re1 g6 32. Re8+ Kg7 33. Qh3 1-0

[Event "España ch-2015 sub-18"]
[Site "Salobrena ESP"]
[Date "2015.07.27"]
[Round "2.40"]
[White "Villasenor Rubio, Rosana"]
[Black "Bustos Bernardo, Samuel"]
[Result "0-1"]
[WhiteElo "1561"]
[BlackElo "1917"]
[PlyCount "118"]
[EventDate "2015.07.27"]
[EventType "swiss"]
[EventRounds "9"]
[EventCountry "ESP"]
[Source "lmi"]
[SourceDate "2015.07.27"]

1. d4 Nf6 2. c4 c5 3. e3 g6 4. Nf3 Bg7 5. Be2 O-O 6. Nc3 cxd4 7. exd4 d5 8. h3
Nc6 9. O-O dxc4 10. Bxc4 Na5 11. Be2 Be6 12. Ne5 Rc8 13. Be3 Nc4 14. Nxc4 Bxc4
15. Bxc4 Rxc4 16. Qb3 Qc8 17. Qa3 a6 18. Qxe7 Re8 19. Qa3 b5 20. Qb3 Nh5 21.
Rad1 Ng3 22. Rfe1 Nf5 23. Nd5 Qb7 24. Nf4 Nxd4 25. Bxd4 Rxe1+ 26. Rxe1 Rxd4 27.
Re8+ Bf8 28. Qe3 Rd1+ 29. Kh2 Qc7 30. g3 Qc6 31. Qe4 Qxe4 32. Rxe4 Rd2 33. Re2
Rd4 34. Rc2 h5 35. Ne2 Re4 36. Kg2 Bb4 37. Nc3 Rc4 38. Rc1 Bxc3 39. Rxc3 Rxc3
40. bxc3 Kg7 41. Kf3 Kf6 42. Ke4 Ke6 43. a3 g5 44. g4 h4 45. f3 f6 46. Kd4 Kd6
47. Ke4 Ke6 48. f4 a5 49. fxg5 fxg5 50. Kd4 Kd6 51. c4 bxc4 52. Kxc4 Ke5 53.
Kb5 Kf4 54. Kxa5 Kg3 55. Kb4 Kxh3 56. a4 Kxg4 57. a5 h3 58. a6 h2 59. Kb5 h1=Q
0-1

[Event "España ch-2015 sub-18"]
[Site "Salobrena ESP"]
[Date "2015.07.28"]
[Round "3.1"]
[White "Suarez Gomez, Julio"]
[Black "Martin Garcia, Guillermo"]
[Result "1-0"]
[WhiteElo "2400"]
[BlackElo "2240"]
[PlyCount "109"]
[EventDate "2015.07.27"]
[EventType "swiss"]
[EventRounds "9"]
[EventCountry "ESP"]
[Source "lmi"]
[SourceDate "2015.07.27"]

1. e4 e5 2. Nf3 Nc6 3. Bb5 a6 4. Bxc6 dxc6 5. O-O f6 6. d4 Bg4 7. c3 Bd6 8. Be3
Qe7 9. Nbd2 Nh6 10. dxe5 fxe5 11. Qb3 b6 12. h3 Be6 13. Qa4 b5 14. Qc2 O-O 15.
Ng5 Bd7 16. c4 Bc5 17. Qb3 Bxe3 18. Qxe3 Rf4 19. Ndf3 Raf8 20. cxb5 axb5 21.
Rac1 Nf7 22. Nxf7 R8xf7 23. Ne1 Rh4 24. Nd3 Rf6 25. Rfe1 Rg6 26. Kf1 Rh5 27.
Rc5 Rhg5 28. g4 h5 29. f3 hxg4 30. hxg4 Rh6 31. Ke2 Be6 32. b3 Rh2+ 33. Nf2 Bd7
34. Rh1 Rxh1 35. Nxh1 Rg6 36. Nf2 Rh6 37. Qc3 Re6 38. Nd3 Qh4 39. Qe1 Qg5 40.
Qg3 Qe7 41. b4 Qf8 42. Nxe5 Qa8 43. Rc2 Rd6 44. Qf4 Be6 45. Kf2 Qa7+ 46. Qe3
Qa4 47. Qc3 Qa7+ 48. Qc5 Qa4 49. Kg3 Qa3 50. Rh2 Rd1 51. Qxc6 Rg1+ 52. Kf4 Qc1+
53. Qxc1 Rxc1 54. g5 Ra1 55. Rc2 1-0

[Event "España ch-2015 sub-18"]
[Site "Salobrena ESP"]
[Date "2015.07.28"]
[Round "3.2"]
[White "Santos Ruiz, Miguel"]
[Black "Aymerich Verdaguer, Eduard"]
[Result "1-0"]
[WhiteElo "2329"]
[BlackElo "2091"]
[PlyCount "91"]
[EventDate "2015.07.27"]
[EventType "swiss"]
[EventRounds "9"]
[EventCountry "ESP"]
[Source "lmi"]
[SourceDate "2015.07.27"]

1. Nf3 Nf6 2. c4 g6 3. b4 Bg7 4. Bb2 d6 5. g3 O-O 6. Bg2 e5 7. Nc3 h6 8. d3 Re8
9. Nd2 Nbd7 10. O-O Nf8 11. Nd5 N6h7 12. b5 f5 13. Rc1 Bd7 14. Nb4 Rb8 15. Nb3
Ne6 16. e3 Nf6 17. a4 Nc5 18. a5 Nxb3 19. Qxb3 c5 20. bxc6 bxc6 21. Qa3 Qc8 22.
Bc3 c5 23. Nd5 Bc6 24. d4 Bxd5 25. cxd5 cxd4 26. Bxd4 Qd7 27. Ba1 e4 28. Rc6
Red8 29. Qa2 Qf7 30. Bxf6 Bxf6 31. Rfc1 Rb2 32. Qc4 Rbb8 33. Bf1 Be5 34. Qa6
Rd7 35. Rc8+ Rxc8 36. Qxc8+ Kg7 37. Bb5 Re7 38. Bc6 g5 39. Rb1 Bc3 40. Rb8 Kg6
41. Be8 Rxe8 42. Qxe8 Bxa5 43. Qc6 Qf6 44. Rb7 Qe5 45. Rxa7 Bb4 46. Qb7 1-0

[Event "España ch-2015 sub-18"]
[Site "Salobrena ESP"]
[Date "2015.07.28"]
[Round "3.3"]
[White "Buendia Pinar, Alvaro"]
[Black "Navarrete Espi, Samuel"]
[Result "1-0"]
[WhiteElo "2134"]
[BlackElo "2329"]
[PlyCount "77"]
[EventDate "2015.07.27"]
[EventType "swiss"]
[EventRounds "9"]
[EventCountry "ESP"]
[Source "lmi"]
[SourceDate "2015.07.27"]

1. d4 Nf6 2. Nf3 g6 3. g3 Bg7 4. Bg2 O-O 5. O-O c6 6. c4 d6 7. Nc3 Qb6 8. Qc2
Be6 9. b3 c5 10. d5 Bf5 11. Qd1 Ne4 12. Na4 Qb4 13. Bb2 b5 14. Bxg7 Kxg7 15.
cxb5 Bd7 16. Qc2 Nf6 17. Nc3 Bxb5 18. Rfe1 Nbd7 19. e4 Ng4 20. a3 Qa5 21. b4
cxb4 22. axb4 Qb6 23. Nxb5 Qxb5 24. Qb2+ Kg8 25. Nd4 Qb6 26. Nc6 Rfe8 27. Qe2
Nge5 28. Ra6 Qb7 29. f4 Ng4 30. Qxg4 Qxa6 31. Qxd7 Qb6+ 32. Kh1 Kf8 33. Rf1
Rac8 34. Qh3 Kg7 35. f5 Qe3 36. Qg4 g5 37. f6+ exf6 38. Qf5 Qc3 39. e5 1-0

[Event "España ch-2015 sub-18"]
[Site "Salobrena ESP"]
[Date "2015.07.28"]
[Round "3.4"]
[White "Marchena Hurtado, Javier"]
[Black "Picos Maiztegui, Miguel"]
[Result "1-0"]
[WhiteElo "2294"]
[BlackElo "2023"]
[PlyCount "111"]
[EventDate "2015.07.27"]
[EventType "swiss"]
[EventRounds "9"]
[EventCountry "ESP"]
[Source "lmi"]
[SourceDate "2015.07.27"]

1. d4 Nf6 2. c4 c5 3. d5 b5 4. cxb5 a6 5. bxa6 g6 6. Nc3 Bxa6 7. e4 Bxf1 8.
Kxf1 d6 9. Nf3 Bg7 10. g3 O-O 11. Kg2 Nbd7 12. a4 Qa5 13. Bd2 Rfb8 14. Nb5 Qb6
15. Qc2 Ne8 16. Bc3 f6 17. Nd2 Qb7 18. Nc4 f5 19. f3 fxe4 20. fxe4 Nc7 21. Na5
Rxa5 22. Bxa5 Nxb5 23. axb5 Qxb5 24. Bc3 Bxc3 25. bxc3 Qb2 26. Ra2 Qxc2+ 27.
Rxc2 Ne5 28. Ra1 Nc4 29. Kf2 Rb2 30. Rxb2 Nxb2 31. Ke2 Nc4 32. Rf1 Ne5 33. Kd2
Kg7 34. h3 h5 35. Kc2 Nd7 36. Kb3 Nf6 37. Re1 Kf7 38. Kc4 Nd7 39. Rf1+ Ke8 40.
Kb5 Ne5 41. Kb6 Nd7+ 42. Kc7 Ne5 43. Rf2 Nd7 44. Ra2 Nf6 45. Ra4 g5 46. Kc6 g4
47. h4 Kf7 48. e5 dxe5 49. Kxc5 Kg6 50. Kc6 Kf5 51. Ra7 Ne4 52. Rxe7 Nxg3 53.
d6 Ke4 54. d7 Nf5 55. d8=Q Nxe7+ 56. Qxe7 1-0

[Event "España ch-2015 sub-18"]
[Site "Salobrena ESP"]
[Date "2015.07.28"]
[Round "3.5"]
[White "Balbuena Fuentes, Mario"]
[Black "Rodriguez Garcia, Miguel"]
[Result "1-0"]
[WhiteElo "2265"]
[BlackElo "1695"]
[PlyCount "47"]
[EventDate "2015.07.27"]
[EventType "swiss"]
[EventRounds "9"]
[EventCountry "ESP"]
[Source "lmi"]
[SourceDate "2015.07.27"]

1. e4 c6 2. d4 d5 3. e5 Bf5 4. h4 h6 5. g4 Be4 6. f3 Bh7 7. e6 fxe6 8. Bd3 Bxd3
9. Qxd3 Qd6 10. f4 Nf6 11. Qg6+ Kd8 12. Nf3 Kc7 13. Ne5 Rg8 14. g5 hxg5 15.
hxg5 Qd8 16. gxf6 exf6 17. Qf7+ Kb6 18. Bd2 Bd6 19. Rh3 Bc7 20. Rb3+ Ka6 21.
Ra3+ Kb5 22. c4+ dxc4 23. Nc3+ Kb6 24. Nxc4# 1-0

[Event "España ch-2015 sub-18"]
[Site "Salobrena ESP"]
[Date "2015.07.28"]
[Round "3.6"]
[White "Garcia-Castany Musellas, Gal.la"]
[Black "Garriga Cazorla, Pere"]
[Result "0-1"]
[WhiteElo "2034"]
[BlackElo "2461"]
[PlyCount "150"]
[EventDate "2015.07.27"]
[EventType "swiss"]
[EventRounds "9"]
[EventCountry "ESP"]
[Source "lmi"]
[SourceDate "2015.07.27"]

1. e4 c5 2. Nf3 d6 3. d4 Nf6 4. Nc3 cxd4 5. Nxd4 a6 6. Be2 e5 7. Nb3 Be7 8. O-O
O-O 9. Be3 Be6 10. Qd2 Nbd7 11. a4 Nb6 12. a5 Nc4 13. Bxc4 Bxc4 14. Rfd1 Rc8
15. Nc1 d5 16. Bb6 Qe8 17. Nxd5 Nxe4 18. Qe1 f5 19. Nxe7+ Qxe7 20. b3 Bf7 21.
c4 Bh5 22. Rd5 Bf7 23. Rd1 Rfe8 24. Ne2 Bh5 25. Rd3 f4 26. f3 Ng5 27. Rad1 e4
28. Nxf4 exd3 29. Qxe7 Rxe7 30. Nxh5 Ne6 31. Rxd3 Nc5 32. Rc3 Re1+ 33. Kf2 Rb1
34. Re3 Kf7 35. Bxc5 Rxc5 36. Nf4 Rxa5 37. Nd5 Kf8 38. Nf4 Ra3 39. Ne6+ Kg8 40.
Nd8 Kf8 41. Ne6+ Ke7 42. Nc5+ Kf7 43. Nxb7 Raxb3 44. Nd6+ Kf6 45. Re4 Rb6 46.
c5 Rc6 47. Re8 h6 48. Ra8 Ke5 49. Ne4 Rb2+ 50. Ke3 Rxg2 51. Re8+ Re6 52. Rg8 g6
53. Rd8 Ra2 54. h3 Ra3+ 55. Kf2 g5 56. Kg3 Kf5 57. Rf8+ Kg6 58. Nd6 Rc3 59. Nb7
Re7 60. Nd6 Rxc5 61. Ne4 Rf5 62. Rg8+ Kh7 63. Ra8 Ref7 64. Rxa6 Rxf3+ 65. Kg2
R3f4 66. Re6 R4f5 67. Ra6 Kg7 68. Ra2 Re5 69. Ng3 Rb5 70. Nh5+ Kg6 71. Ng3 Rfb7
72. Ra6+ R7b6 73. Ra8 Rb2+ 74. Kg1 Rc6 75. Rg8+ Kf7 0-1

[Event "España ch-2015 sub-18"]
[Site "Salobrena ESP"]
[Date "2015.07.28"]
[Round "3.7"]
[White "Porta Tovar, Oriol"]
[Black "Rubio Tent, Francisco"]
[Result "0-1"]
[WhiteElo "2084"]
[BlackElo "2275"]
[PlyCount "120"]
[EventDate "2015.07.27"]
[EventType "swiss"]
[EventRounds "9"]
[EventCountry "ESP"]
[Source "lmi"]
[SourceDate "2015.07.27"]

1. e4 c6 2. Nf3 d5 3. Nc3 Bg4 4. d4 dxe4 5. Nxe4 e6 6. Be2 Be7 7. h3 Bxf3 8.
Bxf3 Nf6 9. O-O Nbd7 10. Ng3 O-O 11. b3 Qc7 12. Bb2 Rfd8 13. Qc1 Nf8 14. Ne2
Ng6 15. g3 a5 16. c4 a4 17. Qe3 Qb6 18. Rfd1 axb3 19. axb3 Ne8 20. Qc3 Bf6 21.
Qc2 Ne7 22. Bc3 Nf5 23. c5 Qc7 24. Qb2 Qd7 25. Ra4 Nc7 26. Ba5 Rdc8 27. Bxc7
Qxc7 28. Be4 Ne7 29. f4 g6 30. Kh2 h5 31. h4 Kg7 32. Rda1 Rxa4 33. bxa4 Qa5 34.
Qb3 Qa6 35. Ra2 Rd8 36. Qb4 Rd7 37. Kg2 Qa8 38. Rd2 Qd8 39. a5 Kh7 40. Kf3 e5
41. fxe5 Bxe5 42. Qc4 Kg7 43. Rd3 Bf6 44. a6 bxa6 45. Qxa6 Qc7 46. Qc4 Nd5 47.
Bxd5 Rxd5 48. Re3 Qd7 49. Re4 Qh3 50. Qc1 Rf5+ 51. Rf4 Rd5 52. Qg1 Qd7 53. Kg2
Qe6 54. Qf2 Rd8 55. Nc3 Ra8 56. Re4 Qc4 57. Rf4 Qxc3 58. Rxf6 Qc4 59. Kh3 Qd5
60. Rf3 Qd7+ 0-1

[Event "España ch-2015 sub-18"]
[Site "Salobrena ESP"]
[Date "2015.07.28"]
[Round "3.8"]
[White "Montoya Pecurul, Marc"]
[Black "Shen, Yue"]
[Result "1-0"]
[WhiteElo "2074"]
[BlackElo "2248"]
[PlyCount "57"]
[EventDate "2015.07.27"]
[EventType "swiss"]
[EventRounds "9"]
[EventCountry "ESP"]
[Source "lmi"]
[SourceDate "2015.07.27"]

1. e4 c6 2. d4 d5 3. exd5 cxd5 4. Bd3 Nc6 5. c3 Qc7 6. Ne2 Nf6 7. Bf4 Qb6 8.
Qb3 Qxb3 9. axb3 g6 10. b4 Bf5 11. Bxf5 gxf5 12. Nd2 Rg8 13. O-O Nh5 14. b5 Nd8
15. Bc7 Rg6 16. Nf3 Ne6 17. Ba5 a6 18. Ne5 Rf6 19. Ra2 axb5 20. Rfa1 Nd8 21. c4
dxc4 22. Nc3 Rc8 23. Nxb5 b6 24. Bd2 Bg7 25. Ra8 Rfc6 26. Nxc6 Rxc6 27. R1a7
Bf8 28. Bb4 Ng7 29. d5 1-0

[Event "España ch-2015 sub-18"]
[Site "Salobrena ESP"]
[Date "2015.07.28"]
[Round "3.9"]
[White "Bernal Gomez, Alejandro"]
[Black "Sanchez Vigon, David"]
[Result "0-1"]
[WhiteElo "2044"]
[BlackElo "2201"]
[PlyCount "88"]
[EventDate "2015.07.27"]
[EventType "swiss"]
[EventRounds "9"]
[EventCountry "ESP"]
[Source "lmi"]
[SourceDate "2015.07.27"]

1. c4 Nf6 2. Nf3 g6 3. Nc3 Bg7 4. g3 O-O 5. Bg2 d6 6. O-O e5 7. d3 Nc6 8. Bg5
h6 9. Bxf6 Bxf6 10. Rb1 a5 11. a3 Bg7 12. b4 axb4 13. axb4 Be6 14. Nd2 Rb8 15.
Nd5 Ne7 16. b5 Qd7 17. Qc2 f5 18. Nb3 f4 19. Na5 Nf5 20. Nc3 Nd4 21. Qd1 Bh3
22. Bd5+ Kh8 23. Re1 c6 24. Be4 fxg3 25. hxg3 Qg4 26. bxc6 bxc6 27. Rxb8 Rxb8
28. Nxc6 Rf8 29. Ne7 Nf5 30. Bf3 Qg5 31. Nxf5 gxf5 32. Qc1 Qg6 33. Kh2 Bg4 34.
Bg2 f4 35. Ne4 Qh5+ 36. Kg1 Bxe2 37. Qd2 Bg4 38. Nxd6 fxg3 39. fxg3 e4 40. d4
Bf3 41. Rf1 Bxg2 42. Kxg2 Rxf1 43. Kxf1 Qh1+ 44. Ke2 Qf3+ 0-1

[Event "España ch-2015 sub-18"]
[Site "Salobrena ESP"]
[Date "2015.07.28"]
[Round "3.10"]
[White "Ruperez Benito, Antonio"]
[Black "Gonzalez Capacete, Jose Miguel"]
[Result "1/2-1/2"]
[WhiteElo "2148"]
[BlackElo "1977"]
[PlyCount "111"]
[EventDate "2015.07.27"]
[EventType "swiss"]
[EventRounds "9"]
[EventCountry "ESP"]
[Source "lmi"]
[SourceDate "2015.07.27"]

1. e4 c5 2. Nf3 e6 3. c3 Nf6 4. e5 Nd5 5. d4 cxd4 6. cxd4 d6 7. Nc3 Nc6 8. Bg5
Be7 9. Bxe7 Qxe7 10. Bb5 Bd7 11. Nxd5 exd5 12. O-O O-O 13. Bxc6 Bxc6 14. Rc1
Rac8 15. Qb3 Rfe8 16. Rc3 dxe5 17. Nxe5 f6 18. Nxc6 bxc6 19. h3 Rb8 20. Qc2 Qe2
21. b3 Qxc2 22. Rxc2 Rb6 23. Rfc1 Re6 24. f3 Kf7 25. Kf2 Ke7 26. Rc5 Kd7 27.
R1c3 Kd6 28. a3 Re7 29. b4 Rc7 30. Ke3 Re7+ 31. Kd2 Rc7 32. h4 h5 33. Re3 Re7
34. g4 hxg4 35. Rxe7 Kxe7 36. fxg4 Ra6 37. Rc3 Rb6 38. Ke3 g5 39. hxg5 fxg5 40.
Kd2 Ke6 41. Re3+ Kf6 42. Rf3+ Kg6 43. Kc3 Rb8 44. Kb3 a5 45. Rc3 Rb6 46. Rc5
axb4 47. a4 Kf6 48. a5 Ra6 49. Kxb4 Ke6 50. Rc1 Kd6 51. Rh1 Ra8 52. Rh6+ Kc7
53. Rg6 Rb8+ 54. Ka3 Rb5 55. Ka4 Rb1 56. Rg7+ 1/2-1/2

[Event "España ch-2015 sub-18"]
[Site "Salobrena ESP"]
[Date "2015.07.28"]
[Round "3.11"]
[White "Mazo Fernandez, Roberto"]
[Black "Ribera Cebolla, Marc"]
[Result "1/2-1/2"]
[WhiteElo "2025"]
[BlackElo "2146"]
[PlyCount "81"]
[EventDate "2015.07.27"]
[EventType "swiss"]
[EventRounds "9"]
[EventCountry "ESP"]
[Source "lmi"]
[SourceDate "2015.07.27"]

1. d4 Nf6 2. c4 c5 3. d5 b5 4. cxb5 a6 5. bxa6 g6 6. Nc3 d6 7. e4 Nxa6 8. Nf3
Nd7 9. Be2 Bg7 10. O-O O-O 11. a4 Qb6 12. Bb5 Nc7 13. Bc6 Ra5 14. Bd2 Nb8 15.
Bb5 Nxb5 16. Nxb5 Ra8 17. Bc3 Bd7 18. Bxg7 Kxg7 19. Qb3 Na6 20. Nd2 Nb4 21. Nc4
Qb8 22. Nca3 Qb7 23. Qc3+ f6 24. b3 Rfc8 25. Qc4 Na6 26. Rfc1 Rcb8 27. f3 Nc7
28. Nxc7 Qxc7 29. Nc2 Qb6 30. Ra3 Qa5 31. Rd1 Bc8 32. Qd3 Ba6 33. Qe3 Rb7 34.
h3 Rab8 35. Rb1 Qc7 36. Kh1 Rb6 37. Qc3 R6b7 38. Kg1 Qb6 39. Kh1 Rc7 40. Kh2
Qb7 41. Ra2 1/2-1/2